| 000 | 00996nam a22002057a 4500 | ||
|---|---|---|---|
| 999 |
_c63472 _d63472 |
||
| 003 | Ge_BSU | ||
| 005 | 20251015203931.0 | ||
| 008 | 251015s1993 ge ||||| |||| 00| 0 geo d | ||
| 020 | _a5520014132 | ||
| 041 | _ageo | ||
| 080 | _a330.113 ჯ-67 | ||
| 100 |
_aჯოლოხავა, თამაზ _926035 |
||
| 245 |
_aდროის ეკონომიის კანონი / _cთ. ჯოლოხავა; [რედ.: დ. დიასამიძე]; საქ. მეცნ. აკად., პ. გუგუშვილის სახ. ეკონომიკის ინ-ტი. |
||
| 264 |
_aთბილისი : _bმეცნიერება, _c1993. |
||
| 300 |
_a130 გვ. ; _b 20 სმ. |
||
| 653 | _aდროის ეკონომიის კანონი | ||
| 653 | _aეკონომიკური კანონები | ||
| 700 |
_aდიასამიძე, დ. _eრედაქტორი _910513 |
||
| 942 |
_2udc _cᲬᲘᲒᲜᲘ |
||